000 00933nas a2200265 4500
001 BR0706128
003 BR-BrBNA
005 20231205111238.0
007 ta
008 230509b bl.|||p| |||| 00| 00por d
040 _aBR-BrBNA
_bpor
_cBiblioteca Nacional de Agricultura
041 _a(Pt)
072 _aL01; L02
100 1 _aBento, A.H.L.
245 1 _aEfeitos da suplementação com sub-produtos da lavoura de soja (Glycine max: (L)Merril)e da pastagem cultivada de azevém (Lolium multiflorum, Lam)sobre a produção de ovelhas e crescimento de cordeiros da raça corriedale
650 _aSOJA
650 _aAZEVÉM
650 _aALIMENTAÇÃO ANIMAL
650 _aOVINO
650 _aCORRIEDALE
650 _a
773 0 _tRevista da Faculdade de Veterinária da UFF (Brazil)
_xISSN 0101-8884
_g(Jul-Dec 1984), v. 1(2) p. 59-60
_wBR0706128
909 _a202311
_bLúcia
_c55
_dLúcia Elande
942 _2AGRIS
_n0
_cANA
999 _c191591
_d191591